Normal view MARC view
  • Iraq

Entry Geographic Name

Number of records used in: 1

001 - CONTROL NUMBER

  • control field: 12093

003 - CONTROL NUMBER IDENTIFIER

  • control field: NUST

005 - DATE AND TIME OF LATEST TRANSACTION

  • control field: 20180730073642.0

008 - FIXED-LENGTH DATA ELEMENTS

  • fixed length control field: 180730|| aca||aabn | a|a d

040 ## - CATALOGING SOURCE

  • Original cataloging agency: NUST
  • Transcribing agency: NUST

151 ## - HEADING--GEOGRAPHIC NAME

  • Geographic name: Iraq
  • General subdivision: Relations
  • Geographic subdivision: Great Britain.

670 ## - SOURCE DATA FOUND

  • Source citation: Work cat.: (NUST)174441: Cook, Robin F. 12084, The point of departure /, 2003.
© 2023 Central Library, National University of Sciences and Technology. All Rights Reserved.